[Event "Wichern op 5th"]
[Site "Hamburg"]
[Date "1999.10.16"]
[Round "2"]
[White "Smirnov, Andrej"]
[Black "Ogaard, Henning"]
[Result "1-0"]
[WhiteElo "2000"]
[BlackElo "1679"]
[PlyCount "52"]
[EventDate "1999.10.15"]
[EventType "swiss"]
[EventRounds "9"]
[EventCountry "GER"]
[SourceTitle "EXT 2001"]
[Source "ChessBase"]
[SourceDate "2000.11.22"]
[SourceVersion "1"]
[SourceVersionDate "2000.11.22"]
[SourceQuality "1"]

1. d4 d5 2. Nf3 Nf6 3. c4 e6 4. g3 c5 5. cxd5 exd5 6. Bg2 Be7 7. 0-0 0-0 8. Nc3 Be6 9. Qb3 Qb6 10. Na4 Qxb3 11. axb3 Nbd7 12. dxc5 Bxc5 13. Nxc5 Nxc5 14. Nd4 Rfe8 15. Bg5 Nfe4 16. Be3 Bd7 17. Rfc1 a5 18. Bxe4 Nxe4 19. Rc7 Bh3 20. Rac1 a4 21. Rxb7 axb3 22. Rxb3 Nd6 23. Ra3 Rxa3 24. bxa3 Nc4 25. Rc3 Rb8 26. f3 Nxe3 1-0